Covert action in the Cold War : (Record no. 15075)

000 -LEADER
fixed length control field 01905cam a22003737a 4500
001 - CONTROL NUMBER
control field 16184206
005 - DATE AND TIME OF LATEST TRANSACTION
control field 20170105102910.0
008 - FIXED-LENGTH DATA ELEMENTS--GENERAL INFORMATION
fixed length control field 100413s2010 enk b 001 0 eng d
010 ## - LIBRARY OF CONGRESS CONTROL NUMBER
LC control number 2010277891
015 ## - NATIONAL BIBLIOGRAPHY NUMBER
National bibliography number GBA942808
Source bnb
016 7# - NATIONAL BIBLIOGRAPHIC AGENCY CONTROL NUMBER
Record control number 015170854
Source Uk
020 ## - INTERNATIONAL STANDARD BOOK NUMBER
International Standard Book Number 9781845118822 (hbk.)
020 ## - INTERNATIONAL STANDARD BOOK NUMBER
International Standard Book Number 1845118820 (hbk.)
035 ## - SYSTEM CONTROL NUMBER
System control number (OCoLC)ocn468430626
040 ## - CATALOGING SOURCE
Original cataloging agency NLE
Transcribing agency NLE
Modifying agency BWK
-- UKM
-- OCLCQ
-- SUC
-- YDXCP
-- CDX
-- VVC
-- DLC
042 ## - AUTHENTICATION CODE
Authentication code lccopycat
043 ## - GEOGRAPHIC AREA CODE
Geographic area code n-us---
050 00 - LIBRARY OF CONGRESS CALL NUMBER
Classification number JK468.I6
Item number C345 2010
082 00 - DEWEY DECIMAL CLASSIFICATION NUMBER
Classification number 327.1273009/045
Edition number 22
100 1# - MAIN ENTRY--PERSONAL NAME
Personal name Callanan, James.
245 10 - TITLE STATEMENT
Title Covert action in the Cold War :
Remainder of title US policy, intelligence, and CIA operations /
Statement of responsibility, etc. James Callanan.
260 ## - PUBLICATION, DISTRIBUTION, ETC.
Place of publication, distribution, etc. London ;
-- New York :
Name of publisher, distributor, etc. I.B. Tauris :
-- Distributed in the United States and Canada exclusively by Palgrave Macmillan,
Date of publication, distribution, etc. 2010.
300 ## - PHYSICAL DESCRIPTION
Extent xiv, 268 p. ;
Dimensions 25 cm.
490 0# - SERIES STATEMENT
Series statement International library of twentieth century history ;
Volume/sequential designation 21
504 ## - BIBLIOGRAPHY, ETC. NOTE
Bibliography, etc. note Includes bibliographical references (p. [255]-258) and index.
505 0# - FORMATTED CONTENTS NOTE
Formatted contents note The arrival of an imperfect peace and the rise of the silent option -- Italy 1947-1948: securing a European strongpoint -- On to the offensive -- OPC intervention in Albania: an experiment in offensive covert warfare -- Erring on the side of activism: Eisenhower and the era of preventive covert warfare -- A tale of three campaigns: landmarks in the heyday of covert action -- Fluctuating fortunes -- A banquet of consequences: covert action in Cuba and the Caribbean 1960-1963.
610 10 - SUBJECT ADDED ENTRY--CORPORATE NAME
Corporate name or jurisdiction name as entry element United States.
Subordinate unit Central Intelligence Agency
General subdivision History.
650 #0 - SUBJECT ADDED ENTRY--TOPICAL TERM
Topical term or geographic name entry element Cold War.
650 #0 - SUBJECT ADDED ENTRY--TOPICAL TERM
Topical term or geographic name entry element Espionage, American
General subdivision History
Chronological subdivision 20th century.
650 #0 - SUBJECT ADDED ENTRY--TOPICAL TERM
Topical term or geographic name entry element National security
Geographic subdivision United States
General subdivision History
Chronological subdivision 20th century.
906 ## - LOCAL DATA ELEMENT F, LDF (RLIN)
a 7
b cbc
c copycat
d 2
e ncip
f 20
g y-gencatlg
942 ## - ADDED ENTRY ELEMENTS (KOHA)
Source of classification or shelving scheme
Koha item type Book
Holdings
Withdrawn status Lost status Damaged status Not for loan Collection code Permanent Location Current Location Shelving location Date acquired Total Checkouts Full call number Barcode Date last seen Price effective from Koha item type
          Centre for International Peace & Stability (CIPS) Centre for International Peace & Stability (CIPS) General Stacks 10/01/2013   327.1273009045 CAL 2010 CIPS0001200 10/25/2013 10/25/2013 Book
© 2023 Central Library, National University of Sciences and Technology. All Rights Reserved.